[Event "Det Ã¥pne NM 2013 Gruppe A"]
[Site "Quality Hotel & Resort Fagerne"]
[Date "2013.03.24"]
[Round "1"]
[White "Hammer, Jon Ludvig"]
[Black "Andreassen, Arnold"]
[Result "1-0"]
[WhiteElo "2629"]
[BlackElo "2069"]
[PlyCount "45"]
[EventDate "2013.??.??"]

1. d4 Nf6 2. c4 g6 3. Nc3 d5 4. cxd5 Nxd5 5. Bd2 Bg7 6. e4 Nxc3 7. Bxc3 c5 8.
d5 Bxc3+ 9. bxc3 Qa5 10. Qd2 O-O 11. h4 Nd7 12. h5 Nf6 13. f3 Nxh5 14. Ne2 e5
15. Qh6 f5 16. exf5 Rxf5 17. g4 Rxf3 18. gxh5 Bf5 19. hxg6 Bxg6 20. Bh3 Kh8 21.
Bg4 Rf6 22. Bh5 Qc7 23. Bxg6 1-0

[Event "Det Ã¥pne NM 2013 Gruppe A"]
[Site "Quality Hotel & Resort Fagerne"]
[Date "2013.03.24"]
[Round "1"]
[White "LÃ¸berg, Jo Kristian"]
[Black "Rozentalis, Eduardas"]
[Result "1/2-1/2"]
[WhiteElo "2056"]
[BlackElo "2616"]
[PlyCount "165"]
[EventDate "2013.??.??"]

1. e4 e6 2. d4 d5 3. Nc3 Nc6 4. e5 Nge7 5. f4 Nf5 6. Nf3 Bd7 7. Be2 h5 8. g3
Bb4 9. Qd3 Ba5 10. a3 Bb6 11. Be3 Nxe3 12. Qxe3 Ne7 13. Bd3 a5 14. O-O-O g6 15.
h3 a4 16. g4 Ra5 17. Ne2 c5 18. c3 Qc8 19. Kb1 Bb5 20. Ka1 Bxd3 21. Qxd3 Qc6
22. dxc5 Bxc5 23. Ned4 Qa6 24. Qxa6 Rxa6 25. g5 Nc6 26. Rd3 Ke7 27. Rhd1 Na5
28. Nd2 Rc8 29. Kb1 b5 30. Ka2 Rb6 31. Rf1 Bxd4 32. Rxd4 Nc6 33. Rd3 b4 34.
cxb4 Rxb4 35. Rff3 Rd4 36. b4 axb3+ 37. Nxb3 Rc4 38. Rc3 Nxe5 39. Rxc4 Nxc4 40.
Nd4 Nd6 41. Rb3 Rc4 42. Rb4 Rxb4 43. axb4 f6 44. gxf6+ Kxf6 45. b5 e5 46. fxe5+
Kxe5 47. Nc6+ Ke4 48. b6 g5 49. Ne7 g4 50. hxg4 hxg4 51. Ng6 d4 52. Kb1 d3 53.
Kc1 Kd4 54. Kd1 Ke3 55. Nh4 Ke4 56. Ng2 Kd4 57. Nf4 Ke3 58. Ng2+ Ke4 59. Nh4 g3
60. Ng2 Kf3 61. Nh4+ Kf2 62. Kd2 Nc4+ 63. Kxd3 Nxb6 64. Kd4 Nd7 65. Ke4 Nc5+
66. Kd4 Nb3+ 67. Ke4 Nc1 68. Kd4 Nb3+ 69. Ke4 Nd2+ 70. Kf4 Nc4 71. Ke4 Ne3 72.
Ke5 Nc2 73. Kf4 Nd4 74. Ke4 Nc6 75. Kd5 Ne7+ 76. Ke6 Ng8 77. Kf5 Nh6+ 78. Kg5
Nf7+ 79. Kf6 Nd6 80. Ke5 Nc4+ 81. Ke4 Ne3 82. Ke5 Nc2 83. Kf4 1/2-1/2

[Event "Det Ã¥pne NM 2013 Gruppe A"]
[Site "Quality Hotel & Resort Fagerne"]
[Date "2013.03.24"]
[Round "1"]
[White "Mundal, Arnold"]
[Black "Volkov, Sergey"]
[Result "0-1"]
[WhiteElo "2005"]
[BlackElo "2593"]
[PlyCount "94"]
[EventDate "2013.??.??"]

1. d4 d5 2. g3 c5 3. Nf3 cxd4 4. Nxd4 e5 5. Nb3 Nc6 6. Bg2 Be6 7. O-O Nf6 8.
Nc3 Be7 9. Bg5 e4 10. Nb5 O-O 11. N5d4 h6 12. Be3 Bd7 13. Nxc6 bxc6 14. Nc5 Bf5
15. b4 a5 16. a3 Qc8 17. c3 Bh3 18. Bd4 Qf5 19. Qd2 Qh5 20. Nb7 axb4 21. axb4
Ng4 22. f3 Bxg2 23. fxg4 Qh3 24. Rfd1 e3 25. Qxe3 Be4 26. Qf2 Rxa1 27. Rxa1 f5
28. Qf1 Qxg4 29. Nc5 f4 30. Nxe4 dxe4 31. Qg2 f3 32. exf3 exf3 33. Qf2 h5 34.
Rf1 h4 35. Kh1 Rf7 36. Rg1 Qe4 37. Re1 Qd5 38. Re5 hxg3 39. hxg3 Qb3 40. Re1 g5
41. Kg1 Bf6 42. Re8+ Kg7 43. g4 Qd5 44. Kf1 Qc4+ 45. Ke1 c5 46. bxc5 Qb5 47.
Ra8 Re7+ 0-1

[Event "Det Ã¥pne NM 2013 Gruppe A"]
[Site "Quality Hotel & Resort Fagerne"]
[Date "2013.03.24"]
[Round "1"]
[White "Agdestein, Simen"]
[Black "GrÃ¸nnestad, Anita"]
[Result "1-0"]
[WhiteElo "2555"]
[BlackElo "2001"]
[PlyCount "63"]
[EventDate "2013.??.??"]

1. d4 d5 2. c4 e6 3. Nf3 Nf6 4. Nc3 c6 5. Bg5 h6 6. Bh4 Nbd7 7. e3 Bd6 8. Bd3
dxc4 9. Bxc4 Qa5 10. O-O b5 11. Bd3 Bb7 12. e4 g5 13. Bg3 Bxg3 14. hxg3 a6 15.
e5 b4 16. Na4 Nd5 17. Nd2 Ke7 18. Nc4 Qc7 19. Rc1 Rag8 20. Nc5 Nxc5 21. dxc5 g4
22. Nd6 h5 23. Bc4 Bc8 24. Qd4 a5 25. a3 bxa3 26. bxa3 Bd7 27. Rb1 Rb8 28. Bxd5
cxd5 29. Qf4 Rh7 30. Qf6+ Kf8 31. Rxb8+ Qxb8 32. Nxf7 1-0

[Event "Det Ã¥pne NM 2013 Gruppe A"]
[Site "Quality Hotel & Resort Fagerne"]
[Date "2013.03.24"]
[Round "1"]
[White "Haug, Johannes"]
[Black "Miezis, Normunds"]
[Result "0-1"]
[WhiteElo "1990"]
[BlackElo "2552"]
[PlyCount "80"]
[EventDate "2013.??.??"]

1. e4 c5 2. c3 d5 3. exd5 Qxd5 4. d4 Nf6 5. Nf3 e6 6. Be2 Be7 7. O-O O-O 8. Be3
Nc6 9. dxc5 Qxd1 10. Rxd1 Ng4 11. b4 Nxe3 12. fxe3 a5 13. b5 Nb8 14. Nbd2 Bxc5
15. Kf2 f5 16. Nb3 Bb6 17. Bc4 Kf7 18. Ke2 Ke7 19. Nbd4 Rf6 20. Ne5 Bc7 21.
Ndf3 Nd7 22. Nxd7 Bxd7 23. a4 Rc8 24. Bb3 g5 25. h3 g4 26. hxg4 fxg4 27. Ng5
Be8 28. Ra2 h6 29. Ne4 Rf5 30. Rad2 Re5 31. Rd4 Bb6 32. Rd6 Ba7 33. b6 Bb8 34.
R6d4 Rc6 35. Rd8 Rxe4 36. Rxb8 Rxb6 37. Rdd8 Bc6 38. Bc2 Re5 39. Rh8 Rb2 40.
Kd1 Rxe3 0-1

[Event "Det Ã¥pne NM 2013 Gruppe A"]
[Site "Quality Hotel & Resort Fagerne"]
[Date "2013.03.24"]
[Round "1"]
[White "Kveinys, Aloyzas"]
[Black "GrundekjÃ¸n, Christian"]
[Result "1-0"]
[WhiteElo "2528"]
[BlackElo "1985"]
[PlyCount "65"]
[EventDate "2013.??.??"]

1. d4 Nf6 2. Nf3 g6 3. c4 c5 4. Nc3 cxd4 5. Nxd4 Bg7 6. e4 d6 7. Be2 O-O 8. O-O
Nc6 9. Be3 Bd7 10. Qd2 Nxd4 11. Bxd4 Bc6 12. f3 a5 13. b3 Nd7 14. Be3 f5 15.
exf5 Rxf5 16. Rad1 Kh8 17. f4 Nc5 18. Bg4 Rf8 19. Qc2 Bd7 20. Bxd7 Nxd7 21. Ne4
Qc8 22. Ng5 Nc5 23. Rd5 Ne6 24. Ne4 Rf5 25. Rxf5 gxf5 26. Ng3 Bd4 27. Nxf5
Bxe3+ 28. Nxe3 Qc5 29. Qe4 Ng7 30. Kh1 Rf8 31. f5 h5 32. Nd5 e5 33. f6 1-0

[Event "Det Ã¥pne NM 2013 Gruppe A"]
[Site "Quality Hotel & Resort Fagerne"]
[Date "2013.03.24"]
[Round "1"]
[White "Moradi, Kimia"]
[Black "Johannessen, Leif E"]
[Result "0-1"]
[WhiteElo "1935"]
[BlackElo "2521"]
[PlyCount "64"]
[EventDate "2013.??.??"]

1. e4 e6 2. d4 d5 3. Nd2 Nf6 4. e5 Nfd7 5. Bd3 c5 6. c3 Nc6 7. Ne2 cxd4 8. cxd4
f6 9. exf6 Nxf6 10. Nf3 Qc7 11. Nc3 a6 12. O-O Bd6 13. Bg5 O-O 14. Rc1 h6 15.
Bh4 Nh5 16. Bb1 g5 17. Bg3 Nxg3 18. hxg3 Qg7 19. Ne2 Bd7 20. Qd3 Rf6 21. Qe3
Rf7 22. Rfe1 Raf8 23. Rf1 Bb8 24. a3 Ba7 25. Rxc6 Bxc6 26. Ne5 Rc7 27. g4 Be8
28. Ng3 Rc8 29. Nh5 Bxh5 30. gxh5 Bb8 31. Bg6 Bxe5 32. Qxe5 Qxe5 0-1

[Event "Det Ã¥pne NM 2013 Gruppe A"]
[Site "Quality Hotel & Resort Fagerne"]
[Date "2013.03.24"]
[Round "1"]
[White "Pap, Misa"]
[Black "Merkesvik, Sondre"]
[Result "1-0"]
[WhiteElo "2511"]
[BlackElo "1922"]
[PlyCount "45"]
[EventDate "2013.??.??"]

1. e4 Nf6 2. e5 Nd5 3. d4 d6 4. c4 Nb6 5. exd6 exd6 6. Nc3 Nc6 7. Be3 Be7 8.
Qf3 Qd7 9. c5 Nb4 10. cxb6 Nc2+ 11. Kd2 Nxa1 12. bxc7 O-O 13. Bd3 Qxc7 14. Nge2
Qb6 15. Kc1 Qd8 16. Kb1 Bg5 17. Nf4 Bd7 18. Kxa1 Rc8 19. Ne4 Bh6 20. Qg3 Bc6
21. Nh5 Bxe4 22. Bxe4 g5 23. h4 1-0

[Event "Det Ã¥pne NM 2013 Gruppe A"]
[Site "Quality Hotel & Resort Fagerne"]
[Date "2013.03.24"]
[Round "1"]
[White "Elsness, Frode"]
[Black "Lien, Kjell HÃ¥kon"]
[Result "1-0"]
[WhiteElo "2483"]
[BlackElo "1905"]
[PlyCount "67"]
[EventDate "2013.??.??"]

1. d4 e6 2. c4 Bb4+ 3. Bd2 c5 4. Bxb4 cxb4 5. g3 Nf6 6. Bg2 O-O 7. e4 d6 8. Ne2
e5 9. O-O Nc6 10. a3 bxa3 11. Nxa3 Bg4 12. f3 Bd7 13. Nb5 Qb8 14. Qd2 a6 15.
Nbc3 Qc7 16. Rfc1 Qb6 17. Kh1 Rac8 18. c5 dxc5 19. dxc5 Qd8 20. Nd5 Be6 21. Rd1
Bxd5 22. exd5 Ne7 23. d6 Ng6 24. b4 Qd7 25. Nc3 Qf5 26. Nd5 Nxd5 27. Qxd5 Qd7
28. f4 Rb8 29. fxe5 Qf5 30. Re1 Rfe8 31. e6 fxe6 32. Qxf5 exf5 33. Rxe8+ Rxe8
34. Bxb7 1-0

[Event "Det Ã¥pne NM 2013 Gruppe A"]
[Site "Quality Hotel & Resort Fagerne"]
[Date "2013.03.24"]
[Round "1"]
[White "Andersen, Dag"]
[Black "Hansen, TorbjÃ¸rn Ringdal"]
[Result "0-1"]
[WhiteElo "1876"]
[BlackElo "2463"]
[PlyCount "72"]
[EventDate "2013.??.??"]

1. d4 Nf6 2. Nf3 g6 3. Bg5 Bg7 4. Nbd2 O-O 5. c3 d6 6. e3 Nbd7 7. Bd3 b6 8. O-O
Bb7 9. Rc1 h6 10. Bh4 e5 11. e4 Qe8 12. Bxf6 Bxf6 13. Re1 Bg7 14. Bb1 Qe7 15.
Qb3 Kh8 16. Qa3 Rfe8 17. Nc4 Qf6 18. dxe5 dxe5 19. b4 a5 20. Qb2 Qc6 21. Ne3
Nf6 22. Nd5 Nxd5 23. exd5 Qd6 24. Rcd1 axb4 25. Qxb4 Ra5 26. Qxd6 cxd6 27. c4
Rc8 28. Nd2 f5 29. Re3 Ba6 30. g4 e4 31. Rb3 b5 32. cxb5 Bxb5 33. gxf5 gxf5 34.
Rh3 Be2 35. Re1 Ba6 36. Rh5 Bc3 0-1

[Event "Det Ã¥pne NM 2013 Gruppe A"]
[Site "Quality Hotel & Resort Fagerne"]
[Date "2013.03.24"]
[Round "1"]
[White "Drazic, Sinisa"]
[Black "BjÃ¸rgvik, Jan Arne"]
[Result "1-0"]
[WhiteElo "2459"]
[BlackElo "1870"]
[PlyCount "47"]
[EventDate "2013.??.??"]

1. Nc3 d5 2. d4 e6 3. e4 dxe4 4. Nxe4 Nf6 5. Nxf6+ Qxf6 6. Nf3 h6 7. Be3 Bd6 8.
Nd2 Qd8 9. Nc4 Be7 10. Qg4 Bf6 11. O-O-O e5 12. Qe4 Qe7 13. dxe5 g6 14. Qd3 Bg7
15. Bc5 Qd7 16. f4 Qxd3 17. Bxd3 Be6 18. Na5 Nd7 19. Nxb7 Rb8 20. Be4 Rxb7 21.
Rxd7 Bxd7 22. Bxb7 a5 23. Rd1 h5 24. Bd5 1-0

[Event "Det Ã¥pne NM 2013 Gruppe A"]
[Site "Quality Hotel & Resort Fagerne"]
[Date "2013.03.24"]
[Round "1"]
[White "Ã˜stby, Martin BergsjÃ¸"]
[Black "Galinsky, Timofey"]
[Result "0-1"]
[WhiteElo "1868"]
[BlackElo "2416"]
[PlyCount "97"]
[EventDate "2013.??.??"]

1. e4 e6 2. d4 d5 3. exd5 exd5 4. Bd3 Nc6 5. c3 Bd6 6. Nf3 Bg4 7. O-O Qd7 8.
Nbd2 O-O-O 9. b4 Re8 10. Qa4 Kb8 11. Bb2 Nxd4 12. Qxd7 Nxf3+ 13. Nxf3 Bxd7 14.
c4 f6 15. c5 Be7 16. Nd4 Nh6 17. Rfe1 Kc8 18. Re2 Bd8 19. Rae1 Rxe2 20. Rxe2 c6
21. h3 g6 22. Ne6 Bxe6 23. Rxe6 Rf8 24. b5 cxb5 25. Bxb5 a6 26. Ba4 Nf5 27. g4
Ng7 28. Rd6 Rf7 29. Rxd5 Ne6 30. Bb3 Rc7 31. Rd6 Nxc5 32. Bxf6 Bxf6 33. Rxf6
Nxb3 34. axb3 Rc3 35. Rf8+ Kc7 36. Rf7+ Kc6 37. Rxh7 Rxb3 38. Rh6 a5 39. Rxg6+
Kc5 40. h4 a4 41. Rg8 Rb6 42. Rc8+ Rc6 43. Rd8 a3 44. Rd1 b5 45. g5 b4 46. Ra1
Kd4 47. Rd1+ Ke4 48. h5 a2 49. g6 0-1

[Event "Det Ã¥pne NM 2013 Gruppe A"]
[Site "Quality Hotel & Resort Fagerne"]
[Date "2013.03.24"]
[Round "1"]
[White "Gullaksen, Eirik"]
[Black "Solli, Oddvar"]
[Result "1-0"]
[WhiteElo "2391"]
[BlackElo "1864"]
[PlyCount "47"]
[EventDate "2013.??.??"]

1. e4 c6 2. d4 d5 3. Nc3 dxe4 4. Nxe4 Bf5 5. Ng3 Bg6 6. Bc4 e6 7. N1e2 Bd6 8.
h4 h6 9. Nf4 Bh7 10. Ngh5 Nf6 11. Nxg7+ Ke7 12. Qe2 Be4 13. f3 Bxf4 14. Bxf4
Bd5 15. Nf5+ Kd7 16. Nd6 Bxc4 17. Nxc4 Nh5 18. Be5 f6 19. Bh2 Ke7 20. O-O-O Nd7
21. g4 Ng7 22. Nd6 Nb6 23. Nf5+ Nxf5 24. gxf5 1-0

[Event "Det Ã¥pne NM 2013 Gruppe A"]
[Site "Quality Hotel & Resort Fagerne"]
[Date "2013.03.24"]
[Round "1"]
[White "Holm, Kristian Stuvik"]
[Black "Rygg, Snorre"]
[Result "1/2-1/2"]
[WhiteElo "2310"]
[BlackElo "1827"]
[PlyCount "44"]
[EventDate "2013.??.??"]

1. d4 d5 2. c4 dxc4 3. Nf3 Nf6 4. e3 e6 5. Bxc4 a6 6. a4 c5 7. O-O Be7 8. Nc3
O-O 9. Qe2 Bd7 10. Rd1 Qc7 11. h3 Nc6 12. dxc5 Bxc5 13. e4 Ne5 14. Ba2 Nxf3+
15. Qxf3 Bc6 16. Bf4 Qe7 17. Bb1 Rad8 18. Bc2 Rxd1+ 19. Rxd1 Rd8 20. Re1 Bd4
21. Be3 Be5 22. Bf4 Bd4 1/2-1/2

[Event "Det Ã¥pne NM 2013 Gruppe A"]
[Site "Quality Hotel & Resort Fagerne"]
[Date "2013.03.24"]
[Round "2"]
[White "Andreassen, Arnold"]
[Black "Solli, Oddvar"]
[Result "0-1"]
[WhiteElo "2069"]
[BlackElo "1864"]
[PlyCount "88"]
[EventDate "2013.??.??"]

1. e4 c6 2. d4 d5 3. e5 Bf5 4. c4 e6 5. Nc3 Ne7 6. a3 Nd7 7. c5 f6 8. f4 g5 9.
exf6 Nxf6 10. fxg5 Ne4 11. Nf3 Ng6 12. Bd3 Nxc3 13. bxc3 Bxd3 14. Qxd3 Bg7 15.
O-O O-O 16. Re1 Re8 17. Qb1 b5 18. h4 Qc7 19. h5 Nf4 20. h6 Bh8 21. Ne5 Bxe5
22. Rxe5 Ng6 23. Re1 e5 24. Bd2 e4 25. a4 a6 26. axb5 axb5 27. Rxa8 Rxa8 28.
Rf1 Qg3 29. Qe1 Qxe1 30. Bxe1 Rf8 31. Bf2 Nf4 32. Ra1 Ne2+ 33. Kf1 Nxc3 34. Ke1
Na4 35. Ke2 Kf7 36. Bg3 Kg6 37. Be5 Kxg5 38. Rh1 Nc3+ 39. Ke3 Ra8 40. Bf4+ Kg6
41. Rh3 Ra2 42. Be5 Rxg2 43. Rh1 b4 44. Bg7 b3 0-1

[Event "Det Ã¥pne NM 2013 Gruppe A"]
[Site "Quality Hotel & Resort Fagerne"]
[Date "2013.03.24"]
[Round "2"]
[White "Volkov, Sergey"]
[Black "Arvola, Benjamin"]
[Result "1-0"]
[WhiteElo "2593"]
[BlackElo "2355"]
[PlyCount "73"]
[EventDate "2013.??.??"]

1. d4 Nf6 2. c4 e6 3. Nc3 Bb4 4. Qc2 O-O 5. a3 Bxc3+ 6. Qxc3 d5 7. Bg5 c5 8.
dxc5 d4 9. Qc2 e5 10. e3 h6 11. Bxf6 Qxf6 12. Bd3 dxe3 13. fxe3 Nd7 14. Nf3
Nxc5 15. O-O Bd7 16. Bh7+ Kh8 17. b4 Ba4 18. Qf5 Nd7 19. Qxf6 Nxf6 20. Bf5 g6
21. Bh3 Kg7 22. Nxe5 Rae8 23. Nd3 Bc2 24. Nc5 b6 25. Rxf6 bxc5 26. Rc6 cxb4 27.
axb4 Rxe3 28. Rxa7 Re1+ 29. Kf2 Rfe8 30. Bg4 h5 31. Bf3 Be4 32. Rcc7 Bxf3 33.
Rxf7+ Kh6 34. h4 R1e2+ 35. Kg3 Bb7 36. Raxb7 R8e3+ 37. Kh2 1-0

[Event "Det Ã¥pne NM 2013 Gruppe A"]
[Site "Quality Hotel & Resort Fagerne"]
[Date "2013.03.24"]
[Round "2"]
[White "Astrup, Kim Chr"]
[Black "Elsness, Frode"]
[Result "1/2-1/2"]
[WhiteElo "2256"]
[BlackElo "2483"]
[PlyCount "120"]
[EventDate "2013.??.??"]

1. Nf3 c5 2. c4 Nc6 3. Nc3 g6 4. e3 Nf6 5. d4 cxd4 6. exd4 d5 7. cxd5 Nxd5 8.
Qb3 Nxc3 9. Bc4 Nd5 10. Bxd5 e6 11. Bxc6+ bxc6 12. O-O f6 13. Be3 Qd5 14. Rfc1
Bd6 15. Nd2 O-O 16. Qc2 Rb8 17. Ne4 Be7 18. Nc3 Qh5 19. Ne2 g5 20. Ng3 Qh4 21.
f3 Bd7 22. Bf2 Qh6 23. Ne4 Qg6 24. Qe2 Rb5 25. Bg3 Rd5 26. Rc4 Qf7 27. Nc3 Ra5
28. b4 Ra6 29. Ne4 Rb6 30. Nc5 Bxc5 31. bxc5 Rb7 32. Bd6 Re8 33. Ra4 Qg6 34.
Rf1 h5 35. Qe4 Kf7 36. h3 Ra8 37. Ra6 Rb2 38. Re1 Qxe4 39. fxe4 Rd2 40. e5 f5
41. Rb1 Kg6 42. Ra5 f4 43. Rb7 Be8 44. Raxa7 Rxa7 45. Rxa7 g4 46. hxg4 hxg4 47.
Re7 g3 48. Kf1 Rf2+ 49. Kg1 Rxa2 50. Kf1 Rf2+ 51. Kg1 Rd2 52. Kf1 Bf7 53. Rc7
Rxd4 54. Ke2 Ra4 55. Kf3 Ra2 56. Kxf4 Rxg2 57. Rxc6 Be8 58. Rc8 Bd7 59. Rg8+
Kf7 60. Rxg3 Rxg3 1/2-1/2

[Event "Det Ã¥pne NM 2013 Gruppe A"]
[Site "Quality Hotel & Resort Fagerne"]
[Date "2013.03.24"]
[Round "2"]
[White "Byklum, BjÃ¸rnar"]
[Black "Kveinys, Aloyzas"]
[Result "1/2-1/2"]
[WhiteElo "2296"]
[BlackElo "2528"]
[PlyCount "57"]
[EventDate "2013.??.??"]

1. d4 Nf6 2. c4 e6 3. Nc3 Bb4 4. e3 c5 5. Bd3 O-O 6. Nf3 d5 7. O-O cxd4 8. exd4
dxc4 9. Bxc4 Nbd7 10. Qe2 b6 11. d5 b5 12. dxe6 bxc4 13. exd7 Qxd7 14. Qxc4 a5
15. Rd1 Qf5 16. Qf4 Qg6 17. Be3 Bb7 18. Nh4 Qh5 19. Nf5 Rfe8 20. Qg5 Qxg5 21.
Bxg5 Re6 22. Nd4 Rea6 23. Rac1 h6 24. Bh4 Re8 25. a3 Bf8 26. Bg3 Nh5 27. Bc7
Nf6 28. Bg3 Nh5 29. Bc7 1/2-1/2

[Event "Det Ã¥pne NM 2013 Gruppe A"]
[Site "Quality Hotel & Resort Fagerne"]
[Date "2013.03.24"]
[Round "2"]
[White "Johannessen, Leif E"]
[Black "Dolzhikova, Olga"]
[Result "1-0"]
[WhiteElo "2521"]
[BlackElo "2270"]
[PlyCount "61"]
[EventDate "2013.??.??"]

1. d4 Nf6 2. c4 e6 3. Nc3 Bb4 4. e3 b6 5. Nge2 Bb7 6. a3 Be7 7. d5 b5 8. dxe6
fxe6 9. cxb5 a6 10. Nd4 O-O 11. b4 axb5 12. Bb2 Nc6 13. Bxb5 Ne5 14. O-O Bd6
15. f4 Nfg4 16. Qe1 Ng6 17. Qg3 Nxe3 18. Qxe3 Nxf4 19. Ne4 Nxg2 20. Rxf8+ Bxf8
21. Kxg2 Qh4 22. Re1 Bd6 23. Nf3 Qg4+ 24. Kf2 Be7 25. Bxd7 Bh4+ 26. Ng3 Kh8 27.
Bxe6 Bxg3+ 28. hxg3 Qg6 29. Qf4 Qc2+ 30. Re2 Qb1 31. Qf7 1-0

[Event "Det Ã¥pne NM 2013 Gruppe A"]
[Site "Quality Hotel & Resort Fagerne"]
[Date "2013.03.24"]
[Round "2"]
[White "Svensen, Tarjei Joten"]
[Black "Drazic, Sinisa"]
[Result "0-1"]
[WhiteElo "2085"]
[BlackElo "2459"]
[PlyCount "52"]
[EventDate "2013.??.??"]

1. d4 Nf6 2. Nf3 d6 3. c4 Nbd7 4. Nc3 e5 5. g3 g6 6. Bg2 Bg7 7. O-O O-O 8. h3
Re8 9. e4 a6 10. Be3 exd4 11. Nxd4 Ne5 12. b3 c5 13. Nde2 Rb8 14. f4 Nc6 15.
Qd2 Qe7 16. Rad1 Bxh3 17. Qxd6 Qxd6 18. Rxd6 Bxg2 19. Kxg2 Nxe4 20. Nxe4 Rxe4
21. Rf3 Rbe8 22. Kf2 Nd4 23. Nxd4 cxd4 24. Bc1 Re1 25. Be3 R1xe3 26. Rxe3 dxe3+
0-1

[Event "Det Ã¥pne NM 2013 Gruppe A"]
[Site "Quality Hotel & Resort Fagerne"]
[Date "2013.03.24"]
[Round "2"]
[White "Galinsky, Timofey"]
[Black "Johansen, Stian"]
[Result "1-0"]
[WhiteElo "2416"]
[BlackElo "2098"]
[PlyCount "61"]
[EventDate "2013.??.??"]

1. d4 Nf6 2. c4 c5 3. d5 b5 4. cxb5 a6 5. bxa6 g6 6. Nc3 Bxa6 7. Nf3 Bg7 8. e4
Bxf1 9. Kxf1 d6 10. h3 O-O 11. Kg1 Nbd7 12. Kh2 Qa5 13. Re1 Rfb8 14. Re2 Ne8
15. Rc2 Nc7 16. Bg5 Kf8 17. Rac1 Nb5 18. Nxb5 Rxb5 19. b3 Qc7 20. Qe2 Rba5 21.
Rd1 Qa7 22. a4 Qb7 23. Rd3 R5a6 24. Qe3 Ne5 25. Nxe5 Bxe5+ 26. f4 Bd4 27. Qg3
f6 28. Bh6+ Ke8 29. Qg4 Qc8 30. Qxc8+ Rxc8 31. Rxd4 1-0

[Event "Det Ã¥pne NM 2013 Gruppe A"]
[Site "Quality Hotel & Resort Fagerne"]
[Date "2013.03.24"]
[Round "2"]
[White "GrÃ¸nnestad, Anita"]
[Black "NordstrÃ¸m, HÃ¥kon N"]
[Result "1-0"]
[WhiteElo "2001"]
[BlackElo "1835"]
[PlyCount "29"]
[EventDate "2013.??.??"]

1. c4 f5 2. Nc3 e6 3. d4 Nf6 4. Nf3 c6 5. Bf4 d5 6. e3 Nbd7 7. Rc1 Be7 8. cxd5
Nxd5 9. Bd3 Nxf4 10. exf4 O-O 11. O-O Bd6 12. Ne5 Nf6 13. Re1 Qb6 14. Bf1 Qxb2
15. Nc4 1-0

[Event "Det Ã¥pne NM 2013 Gruppe A"]
[Site "Quality Hotel & Resort Fagerne"]
[Date "2013.03.24"]
[Round "2"]
[White "Hansen, TorbjÃ¸rn Ringdal"]
[Black "Salomon, Johan"]
[Result "1-0"]
[WhiteElo "2463"]
[BlackElo "2115"]
[PlyCount "55"]
[EventDate "2013.??.??"]

1. d4 Nf6 2. c4 c5 3. d5 e6 4. Nc3 exd5 5. cxd5 d6 6. e4 g6 7. f4 Bg7 8. e5
dxe5 9. fxe5 Nfd7 10. e6 fxe6 11. dxe6 Qe7 12. Nd5 Qxe6+ 13. Qe2 Qxe2+ 14. Bxe2
Be5 15. Nf3 Bd6 16. Bh6 b6 17. O-O-O Bb7 18. Rhe1 Kd8 19. Ng5 Bxd5 20. Rxd5
Bf4+ 21. Kb1 Bxg5 22. Bxg5+ Kc7 23. Bf4+ Kc8 24. Bg4 h5 25. Bh3 g5 26. Bxg5 Kc7
27. Bf4+ Kc6 28. Rd6+ 1-0

[Event "Det Ã¥pne NM 2013 Gruppe A"]
[Site "Quality Hotel & Resort Fagerne"]
[Date "2013.03.24"]
[Round "2"]
[White "Lie, Espen"]
[Black "Hauge, Lars Oskar"]
[Result "1-0"]
[WhiteElo "2471"]
[BlackElo "2182"]
[PlyCount "85"]
[EventDate "2013.??.??"]

1. Nf3 Nf6 2. g3 g6 3. Bg2 Bg7 4. O-O O-O 5. c4 d6 6. Nc3 Nc6 7. Rb1 Bf5 8. d3
Qd7 9. Re1 Bh3 10. b4 Bxg2 11. Kxg2 e5 12. e4 Nh5 13. Nd5 f5 14. h3 Nf6 15. Bg5
Nxd5 16. cxd5 Ne7 17. Bxe7 Qxe7 18. d4 exd4 19. Nxd4 Bxd4 20. Qxd4 Qf6 21. Qxf6
Rxf6 22. Rbd1 Re8 23. exf5 Rxe1 24. Rxe1 Rxf5 25. Re8+ Rf8 26. Rxf8+ Kxf8 27.
b5 Ke7 28. Kf3 Kf6 29. Ke4 g5 30. f4 h6 31. Kf3 Kf5 32. g4+ Kg6 33. Kg3 Kf6 34.
h4 gxh4+ 35. Kxh4 Kg6 36. f5+ Kh7 37. Kh5 Kg7 38. g5 hxg5 39. Kxg5 Kf7 40. f6
Kf8 41. Kg6 Kg8 42. f7+ Kf8 43. Kf6 1-0

[Event "Det Ã¥pne NM 2013 Gruppe A"]
[Site "Quality Hotel & Resort Fagerne"]
[Date "2013.03.24"]
[Round "2"]
[White "Miezis, Normunds"]
[Black "Haugli, Petter"]
[Result "1-0"]
[WhiteElo "2552"]
[BlackElo "2293"]
[PlyCount "103"]
[EventDate "2013.??.??"]

1. c4 Nf6 2. Nc3 g6 3. g3 Bg7 4. Bg2 O-O 5. e4 d6 6. Nge2 c5 7. a3 Nc6 8. O-O
Ne8 9. Rb1 a5 10. d3 Nc7 11. Bd2 Rb8 12. a4 Ne6 13. Nb5 Ned4 14. Nexd4 Nxd4 15.
f4 e6 16. g4 f5 17. exf5 exf5 18. g5 Be6 19. Re1 Bf7 20. Nxd4 Bxd4+ 21. Kh1 d5
22. b3 Qd6 23. Bxa5 Qxf4 24. Bd2 Qd6 25. Qf3 Be5 26. cxd5 Rbd8 27. b4 Bxd5 28.
Qxd5+ Qxd5 29. Bxd5+ Rxd5 30. bxc5 Rf7 31. Be3 Rxd3 32. Bg1 Rd5 33. Rb3 f4 34.
a5 f3 35. Rf1 Bc7 36. Rxb7 Bxa5 37. Rxf7 Kxf7 38. Rxf3+ Ke7 39. h4 Rd1 40. Kg2
Rc1 41. Re3+ Kd7 42. Re4 Rc2+ 43. Kf3 Rc3+ 44. Be3 Bc7 45. Ra4 Kc6 46. Ke4 Bg3
47. h5 gxh5 48. Ra6+ Kd7 49. Rh6 h4 50. Rxh7+ Ke6 51. Rh6+ Ke7 52. Bd4 1-0

[Event "Det Ã¥pne NM 2013 Gruppe A"]
[Site "Quality Hotel & Resort Fagerne"]
[Date "2013.03.24"]
[Round "2"]
[White "Jacobsen, Fredrik Beer"]
[Black "Holm, Kristian Stuvik"]
[Result "1-0"]
[WhiteElo "1910"]
[BlackElo "2310"]
[PlyCount "45"]
[EventDate "2013.??.??"]

1. e4 c5 2. Nc3 a6 3. a4 Nc6 4. g3 e6 5. Bg2 Nf6 6. d3 Be7 7. Nge2 O-O 8. O-O
d5 9. exd5 exd5 10. Bg5 Nb4 11. Nf4 d4 12. Bxf6 Bxf6 13. Ncd5 Nxd5 14. Nxd5 Be5
15. Qh5 Bd6 16. f4 Be6 17. f5 Bxd5 18. f6 Re8 19. Bxd5 g6 20. Bxf7+ Kxf7 21.
Qxh7+ Ke6 22. Rae1+ Be5 23. f7 1-0

[Event "Det Ã¥pne NM 2013 Gruppe A"]
[Site "Quality Hotel & Resort Fagerne"]
[Date "2013.03.24"]
[Round "2"]
[White "Takle, Dan"]
[Black "HÃ¸lleland, Sigve"]
[Result "1/2-1/2"]
[WhiteElo "2181"]
[BlackElo "1704"]
[PlyCount "68"]
[EventDate "2013.??.??"]

1. d4 Nf6 2. Nc3 d5 3. Bg5 Nc6 4. Qd3 h6 5. Bxf6 exf6 6. e4 dxe4 7. Qxe4+ Qe7
8. Qxe7+ Bxe7 9. O-O-O Bg4 10. f3 Bf5 11. Bb5 O-O-O 12. Nge2 Nb4 13. Ba4 Be6
14. a3 Nd5 15. Nxd5 Bxd5 16. Nf4 f5 17. Nxd5 Rxd5 18. Rhe1 Bg5+ 19. Kb1 Rhd8
20. c3 c6 21. Re2 c5 22. Bb3 R5d7 23. d5 Re7 24. Rde1 Rde8 25. Rxe7 Rxe7 26.
Rxe7 Bxe7 27. Bc2 g6 28. f4 Bd6 29. g3 c4 30. h3 b5 31. Kc1 Bc5 32. Kd2 Kd7 33.
Bd1 Kd6 34. Bf3 h5 1/2-1/2

[Event "Det Ã¥pne NM 2013 Gruppe A"]
[Site "Quality Hotel & Resort Fagerne"]
[Date "2013.03.24"]
[Round "2"]
[White "LÃ¸bersli, Henrik Ã˜ie"]
[Black "Mundal, Arnold"]
[Result "1-0"]
[WhiteElo "1805"]
[BlackElo "2005"]
[PlyCount "47"]
[EventDate "2013.??.??"]

1. d4 Nf6 2. c4 d5 3. Nf3 c6 4. e3 Bg4 5. Qb3 Qc8 6. Nc3 Bxf3 7. gxf3 e6 8. Bd2
Bd6 9. e4 dxc4 10. Bxc4 Be7 11. Rg1 O-O 12. O-O-O Rd8 13. Bg5 b5 14. Bd3 Qb7
15. f4 a5 16. Kb1 Rxd4 17. e5 Rb4 18. exf6 Rxb3 19. fxe7 Na6 20. Bc2 Rxb2+ 21.
Kxb2 Nc7 22. Rd8+ Ne8 23. Ne4 f6 24. Bxf6 1-0

[Event "Det Ã¥pne NM 2013 Gruppe A"]
[Site "Quality Hotel & Resort Fagerne"]
[Date "2013.03.24"]
[Round "2"]
[White "Moen, Andreas G.R"]
[Black "Turov, Maxim"]
[Result "1-0"]
[WhiteElo "2390"]
[BlackElo "2599"]
[PlyCount "59"]
[EventDate "2013.??.??"]

1. e4 c5 2. Nf3 a6 3. c3 e6 4. d4 d5 5. Nbd2 cxd4 6. cxd4 Nc6 7. Bd3 dxe4 8.
Nxe4 Be7 9. O-O Nf6 10. Be3 O-O 11. Rc1 Nb4 12. Nxf6+ Bxf6 13. Bb1 Bd7 14. a3
Nd5 15. Qc2 g6 16. Bh6 Re8 17. Qe4 Qe7 18. h4 Rac8 19. h5 Rxc1 20. Rxc1 Rc8 21.
Rxc8+ Bxc8 22. Ne5 Bg7 23. Bxg7 Kxg7 24. Ng4 Qc7 25. Qe5+ f6 26. Qe4 Qc1+ 27.
Kh2 Qxb2 28. hxg6 Qxa3 29. gxh7 Qd6+ 30. Ne5 1-0